000 01500cam a2200361Ia 4500
999 _c592
_d592
001 455787
003 GBCCL
005 20241126110341.0
008 021224t19781976iluaf 000 0 eng d
010 _a 76020615
020 _a080247425X
_q(cloth, red letter)
020 _a9780802474254
_q(cloth, red letter)
029 1 _aDEBSZ
_b417027524
035 _a(OCoLC)ocm51273693
035 _a(OCoLC)51273693
_z(OCoLC)731271664
_z(OCoLC)795372909
040 _aSFR
_beng
_cSFR
_dBAKER
_dOCLCG
_dGGB
_dTXBXL
_dOCLCO
_dOCLCQ
_dOCLCF
_dYDX
_dOCLCQ
_dLBB
049 _aLBBA
_aLBBC
050 1 4 _aBS195.N35
_b1978
082 0 4 _a220.5204
_bRYR
090 _aBS195.N35
_b1978
130 0 _aBible.
_lEnglish.
_sNew American Standard.
_f1978.
_912318
245 1 4 _aThe Ryrie study Bible :
_bNew American standard translation : with introductions, annotations, outlines, marginal references, harmony of the Gospels, synopsis of Bible doctrine, index of scriptures, index to notes, concordance, maps, and timeline charts, and many other helps /
_cCharles Caldwell Ryrie.
260 _aChicago :
_bMoody Press,
_c1978, 1976.
300 _axii, 2100 pages, [8] leaves of plates :
_billustrations ;
_c24 cm
336 _atext
_btxt
_2rdacontent
337 _aunmediated
_bn
_2rdamedia
338 _avolume
_bnc
_2rdacarrier
630 0 0 _aBible
_vReference editions.
_912319
630 0 7 _aBible.
_2fast
_0(OCoLC)fst01356024
_9599
650 4 _aBible.
_9599
700 1 _aRyrie, Charles Caldwell,
_d1925-
_92424
942 _2ddc
_cREF